<?xml version="1.0" encoding="UTF-8" ?>
<collection xmlns="http://www.loc.gov/MARC21/slim"><record><leader>00855nkm a2200229 nc4500</leader><controlfield tag="001">22339</controlfield><controlfield tag="003">CH-000273-5</controlfield><controlfield tag="005">20161223093154.0</controlfield><datafield tag="035" ind1=" " ind2=" "><subfield code="a">(OCoLC)906879027</subfield></datafield><datafield tag="040" ind1=" " ind2=" "><subfield code="a">CH-000273-5</subfield><subfield code="b">ger</subfield><subfield code="e">rda</subfield></datafield><datafield tag="245" ind1="0" ind2="0"><subfield code="a">Tristan Tzara</subfield></datafield><datafield tag="264" ind1="0" ind2="1"><subfield code="a">[Verlag nicht ermittelbar]</subfield><subfield code="b">[Rumänien?]</subfield><subfield code="c">[1917?]</subfield></datafield><datafield tag="300" ind1=" " ind2=" "><subfield code="a">1 Fotografie</subfield><subfield code="b">schwarz-weiss</subfield><subfield code="c">6,7 x 4,4 cm, in Passepartout</subfield></datafield><datafield tag="336" ind1=" " ind2=" "><subfield code="a">unbewegtes Bild</subfield><subfield code="b">sti</subfield><subfield code="2">rdacontent</subfield></datafield><datafield tag="337" ind1=" " ind2=" "><subfield code="a">ohne Hilfsmittel zu benutzen</subfield><subfield code="b">n</subfield><subfield code="2">rdamedia</subfield></datafield><datafield tag="338" ind1=" " ind2=" "><subfield code="a">Band</subfield><subfield code="b">nc</subfield><subfield code="2">rdacarrier</subfield></datafield><datafield tag="510" ind1="4" ind2="0"><subfield code="a">Dada in Zürich, 1985</subfield><subfield code="c">S. 285, Nr. 153</subfield></datafield><datafield tag="600" ind1="1" ind2="7"><subfield code="a">Tzara, Tristan</subfield><subfield code="d">1896-1963</subfield><subfield code="x">Porträtfotografie</subfield><subfield code="2">gnd</subfield></datafield><datafield tag="610" ind1="2" ind2="7"><subfield code="a">Kunsthaus Zürich</subfield><subfield code="x">Dadaismus</subfield><subfield code="x">Sammlung</subfield><subfield code="2">gnd</subfield></datafield><datafield tag="655" ind1="0" ind2="7"><subfield code="a">Fotografie</subfield><subfield code="2">gnd-content</subfield></datafield><datafield tag="852" ind1="4" ind2="0"><subfield code="a">CH-000273-5</subfield><subfield code="c">DADA VI:9 / DS 4</subfield></datafield><datafield tag="856" ind1="4" ind2="1"><subfield code="u">https://digital.kunsthaus.ch/viewer/image/22339/1/</subfield><subfield code="y">Kunsthaus Zürich Sammlungen online</subfield></datafield></record></collection>